000 00737cam a2200229 4500
001 ABS61651
008 000000n1999 000 0 eng u
035 _a(Sirsi) u103328
100 _aBennett, D.
245 _aLetting loose the light
260 _c1999
490 _aContract Journal
_v 401(6255) 8 December 1999, 18-19(2)
520 _aPresents the new Social Science Faculty and Library at Oxford, which has been designed with the particular aim of making the most of natural light.
590 _aABS
650 _aOXFORD
650 _aNATURAL LIGHT
650 _aCONCRETE BUILDINGS
650 _aGLASS PANELS
650 _aCONSTRUCTION MANAGEMENT
_96230
690 _aBUILDING AND CONSTRUCTION-PROJECTS
942 _n0
999 _c62102
_d62102